[Event "Utrecht OKU op-B"]
[Site "Utrecht"]
[Date "2000.05.20"]
[Round "2"]
[White "Ordelman, R."]
[Black "Meester, Andre"]
[Result "1/2-1/2"]
[WhiteElo "1897"]
[BlackElo "1743"]
[PlyCount "65"]
[EventDate "2000.05.??"]
[EventType "swiss"]
[EventRounds "6"]
[EventCountry "NED"]
[SourceTitle "EXT 2002"]
[Source "ChessBase"]
[SourceDate "2001.11.25"]
[SourceVersion "1"]
[SourceVersionDate "2001.11.25"]
[SourceQuality "1"]

1. d4 Nf6 2. Nf3 e6 3. c4 d5 4. Nc3 c6 5. cxd5 exd5 6. e3 Be7 7. Bd3 Bg4 8. h3 Bh5 9. a3 a5 10. Be2 Nbd7 11. Bd2 Ne4 12. 0-0 f5 13. Ne1 Bxe2 14. Nxe2 0-0 15. Nf4 Rf6 16. Nfd3 Bd6 17. b4 axb4 18. Bxb4 Bxb4 19. Nxb4 Nb6 20. Nf3 Nc4 21. Qd3 Qa5 22. Ra2 Qc7 23. Rc1 Re8 24. Qb3 f4 25. exf4 Qxf4 26. Nd3 Qh6 27. Qd1 Ref8 28. Nfe5 Nxe5 29. dxe5 Rg6 30. Kh2 Qg5 31. f3 Ng3 32. Qe1 Nf5 33. Rac2 1/2-1/2

[Event "Utrecht OKU op-B"]
[Site "Utrecht"]
[Date "2000.05.19"]
[Round "1"]
[White "Woning, Ruth"]
[Black "Ordelman, R."]
[Result "0-1"]
[WhiteElo "1653"]
[BlackElo "1897"]
[PlyCount "68"]
[EventDate "2000.05.??"]
[EventType "swiss"]
[EventRounds "6"]
[EventCountry "NED"]
[SourceTitle "EXT 2002"]
[Source "ChessBase"]
[SourceDate "2001.11.25"]
[SourceVersion "1"]
[SourceVersionDate "2001.11.25"]
[SourceQuality "1"]

1. d4 Nf6 2. c4 e6 3. Nc3 Bb4 4. Qc2 c5 5. a3 Qa5 6. Bd2 cxd4 7. Nb5 Bxd2+ 8. Qxd2 Qxd2+ 9. Kxd2 Na6 10. Nxd4 0-0 11. f3 d5 12. e3 e5 13. Nb3 Be6 14. cxd5 Bxd5 15. Bxa6 Bxb3 16. Bxb7 Rab8 17. Bc6 Rfc8 18. Rc1 Rb6 19. Bd5 Rxc1 20. Bxf7+ Kxf7 21. Kxc1 Rc6+ 22. Kb1 Nd5 23. Nh3 Nxe3 24. Ng5+ Kg6 25. Ne4 Rc2 26. Rc1 Rxc1+ 27. Kxc1 Nxg2 28. Nd2 Bd5 29. b4 Ne1 30. Ne4 Nxf3 31. Nc3 Bb7 32. b5 Nd4 33. a4 Kf5 34. a5 Nb3+ 0-1